Statystyki dla ZKM Gdynia - R

Kliknij tutaj aby rozwiązać quiz!

Ogólne statystyki

  • Ten quiz został rozwiązany 8 razy
  • Średni wynik to 28 z 37

Statystyki odpowiedzi

MiastoOdpowiedź% Poprawnych
GdyniaKacze Buki
100%
RumiaRumia Dworzec PKP
100%
GdyniaWęzeł Ofiar Grudnia '70
100%
GdyniaCentrum Nauki Experyment
86%
GdyniaDąbrowa Centrum
86%
GdyniaEnergetyków
86%
GdyniaKameliowa
86%
GdyniaKarwiny Nowowiczlińska
86%
GdyniaKarwiny PKM
86%
GdyniaLidzka
86%
GdyniaMyśliwska
86%
GdyniaPaprykowa
86%
GdyniaPlac Górnośląski
86%
GdyniaRdestowa - Kolonia
86%
GdyniaRedłowo SKM - Park Technologiczny
86%
GdyniaŹródło Marii
86%
GdyniaArmii Krajowej
71%
RumiaDąbrowskiego - Kościół
71%
RumiaDąbrowskiego - Most
71%
GdyniaGdynia Dworzec Gł. PKP - Hala
71%
GdyniaHutnicza - Działki
71%
GdyniaHutnicza - Estakada
71%
GdyniaII Urząd Skarbowy
71%
GdyniaKrzemowa
71%
RumiaKujawska
71%
GdyniaLeśna Polana
71%
GdyniaMeksykańska
71%
GdyniaRdestowa - Leśny Zakątek
71%
GdyniaSzafranowa
71%
GdyniaWzgórze Św. Maksymiliana SKM
71%
Rumia25-lecia Solidarności
57%
GdyniaHala "Makro"
57%
GdyniaHutnicza - Magazyny
57%
RumiaPomorska
57%
RumiaPomorska - Gdańska
57%
GdyniaHandlowa
43%
GdyniaHutnicza - Piaskowa
43%

Rozkład punktacji

Percentyl według liczby udzielonych odpowiedzi

Procent ludzi z każdym wynikiem

Twoja historia wyników

Nie rozwiązałeś tego quizu